Smart Trends in Information Technology and Computer Communications Second International Conference, SmartCom 2017, Pune, India, August 18-19, 2017, Revised Selected Papers /

This book constitutes the refereed proceedings of the Second International Conference on Smart Trends in Information Technology and Computer Communications, SmartCom 2017, held in Pune, India, in August 2017. The 38 revised papers presented were carefully reviewed and selected from 310 submissions....

Full description

Bibliographic Details
Corporate Author: SpringerLink (Online service)
Other Authors: Deshpande, A.V (Editor, http://id.loc.gov/vocabulary/relators/edt), Unal, Aynur (Editor, http://id.loc.gov/vocabulary/relators/edt), Passi, Kalpdrum (Editor, http://id.loc.gov/vocabulary/relators/edt), Singh, Dharm (Editor, http://id.loc.gov/vocabulary/relators/edt), Nayak, Malaya (Editor, http://id.loc.gov/vocabulary/relators/edt), Patel, Bharat (Editor, http://id.loc.gov/vocabulary/relators/edt), Pathan, Shafi (Editor, http://id.loc.gov/vocabulary/relators/edt)
Format: Electronic eBook
Language:English
Published: Singapore : Springer Singapore : Imprint: Springer, 2018.
Edition:1st ed. 2018.
Series:Communications in Computer and Information Science, 876
Subjects:
Online Access:Full Text via HEAL-Link
LEADER 03046nam a2200541 4500
001 978-981-13-1423-0
003 DE-He213
005 20191024131500.0
007 cr nn 008mamaa
008 180820s2018 si | s |||| 0|eng d
020 |a 9789811314230  |9 978-981-13-1423-0 
024 7 |a 10.1007/978-981-13-1423-0  |2 doi 
040 |d GrThAP 
050 4 |a QA75.5-76.95 
072 7 |a UT  |2 bicssc 
072 7 |a COM069000  |2 bisacsh 
072 7 |a UT  |2 thema 
082 0 4 |a 005.7  |2 23 
245 1 0 |a Smart Trends in Information Technology and Computer Communications  |h [electronic resource] :  |b Second International Conference, SmartCom 2017, Pune, India, August 18-19, 2017, Revised Selected Papers /  |c edited by A.V. Deshpande, Aynur Unal, Kalpdrum Passi, Dharm Singh, Malaya Nayak, Bharat Patel, Shafi Pathan. 
250 |a 1st ed. 2018. 
264 1 |a Singapore :  |b Springer Singapore :  |b Imprint: Springer,  |c 2018. 
300 |a XV, 364 p. 179 illus.  |b online resource. 
336 |a text  |b txt  |2 rdacontent 
337 |a computer  |b c  |2 rdamedia 
338 |a online resource  |b cr  |2 rdacarrier 
347 |a text file  |b PDF  |2 rda 
490 1 |a Communications in Computer and Information Science,  |x 1865-0929 ;  |v 876 
505 0 |a Smart and secure systems -- Smart and service computing -- Smart data and IT innovations. 
520 |a This book constitutes the refereed proceedings of the Second International Conference on Smart Trends in Information Technology and Computer Communications, SmartCom 2017, held in Pune, India, in August 2017. The 38 revised papers presented were carefully reviewed and selected from 310 submissions. The papers address issues on smart and secure systems; smart and service computing; smart data and IT innovations. 
650 0 |a Computers. 
650 0 |a Data protection. 
650 1 4 |a Information Systems and Communication Service.  |0 http://scigraph.springernature.com/things/product-market-codes/I18008 
650 2 4 |a Security.  |0 http://scigraph.springernature.com/things/product-market-codes/I28000 
700 1 |a Deshpande, A.V.  |e editor.  |4 edt  |4 http://id.loc.gov/vocabulary/relators/edt 
700 1 |a Unal, Aynur.  |e editor.  |4 edt  |4 http://id.loc.gov/vocabulary/relators/edt 
700 1 |a Passi, Kalpdrum.  |e editor.  |4 edt  |4 http://id.loc.gov/vocabulary/relators/edt 
700 1 |a Singh, Dharm.  |e editor.  |4 edt  |4 http://id.loc.gov/vocabulary/relators/edt 
700 1 |a Nayak, Malaya.  |e editor.  |4 edt  |4 http://id.loc.gov/vocabulary/relators/edt 
700 1 |a Patel, Bharat.  |e editor.  |4 edt  |4 http://id.loc.gov/vocabulary/relators/edt 
700 1 |a Pathan, Shafi.  |e editor.  |4 edt  |4 http://id.loc.gov/vocabulary/relators/edt 
710 2 |a SpringerLink (Online service) 
773 0 |t Springer eBooks 
776 0 8 |i Printed edition:  |z 9789811314223 
776 0 8 |i Printed edition:  |z 9789811314247 
830 0 |a Communications in Computer and Information Science,  |x 1865-0929 ;  |v 876 
856 4 0 |u https://doi.org/10.1007/978-981-13-1423-0  |z Full Text via HEAL-Link 
912 |a ZDB-2-SCS 
950 |a Computer Science (Springer-11645)